| 000 | 00896 a2200217 4500 | ||
|---|---|---|---|
| 003 | Nust | ||
| 005 | 20221122103542.0 | ||
| 010 | _a 74005690 | ||
| 020 | _a0125739435 | ||
| 040 | _cNust | ||
| 082 | 0 | 0 | _a515.35,RAB |
| 100 | 1 |
_aRabenstein, Albert L. _910474 |
|
| 245 | 1 | 0 |
_aElementary differential equations with linear algebra / _cAlbert L. Rabenstein. |
| 250 | _a2nd ed. | ||
| 260 |
_aNew York : _bAcademic Press, _c[1975] |
||
| 300 |
_ax, 374 p. : _bill. ; _c25 cm. |
||
| 505 | _aIntroduction To Differential Equations (Page-1), Matrices And Determinants (Page-63), Vector Spaces And Linear Transformations (Page-131), Characteristics Values (Page-170), Linear Differential Equations (Page-185), Systems Of Differential Equations (Page-250), Series Solutions (Page-307). | ||
| 650 | 0 |
_aAlgebras, Linear. _910720 |
|
| 650 | 0 |
_aDifferential equations. _9688 |
|
| 942 |
_2ddc _cBK _k515.35,RAB |
||
| 999 |
_c182349 _d182349 |
||